Repeat performance (Record no. 73635)
[ view plain ]
| 000 -LEADER | |
|---|---|
| fixed length control field | 01176cam a2200229 4500 |
| 001 - CONTROL NUMBER | |
| control field | ABS67132 |
| 008 - FIXED-LENGTH DATA ELEMENTS--GENERAL INFORMATION | |
| fixed length control field | 031023n2003 000 0 eng u |
| 035 ## - SYSTEM CONTROL NUMBER | |
| System control number | (Sirsi) u123984 |
| 100 ## - MAIN ENTRY--PERSONAL NAME | |
| Personal name | Khan, R. |
| 245 ## - TITLE STATEMENT | |
| Title | Repeat performance |
| 260 ## - PUBLICATION, DISTRIBUTION, ETC. | |
| Date of publication, distribution, etc. | 2003 |
| 490 ## - SERIES STATEMENT | |
| Series statement | New Civil Engineer |
| Volume/sequential designation | (1498) 4 September 2003, 16-18(3) |
| 520 ## - SUMMARY, ETC. | |
| Summary, etc. | Report on the building of Moor House in the City, the next addition to London's skyline. The same three companies that built the Swiss Re building are involved: Skanska, Arup and Foster and Partners. The tubular element marking the line between the structures two curved facades has been dubbed 'the bandolier' after its visual similarity with the cartridge belt worn across the chest by soldiers. Describes the construction of Moor House and how the builders dealt with the restrictions of the site itself. Mentions what measures have been taken to protect against vehicle impact and fire. |
| 590 ## - LOCAL NOTE (RLIN) | |
| Local note | ABS |
| 650 ## - SUBJECT ADDED ENTRY--TOPICAL TERM | |
| Topical term or geographic name entry element | MOOR HOUSE |
| 650 ## - SUBJECT ADDED ENTRY--TOPICAL TERM | |
| Topical term or geographic name entry element | LONDON |
| 650 ## - SUBJECT ADDED ENTRY--TOPICAL TERM | |
| Topical term or geographic name entry element | OFFICE DEVELOPMENT |
| 650 ## - SUBJECT ADDED ENTRY--TOPICAL TERM | |
| Topical term or geographic name entry element | CONSTRUCTION MANAGEMENT |
| 9 (RLIN) | 6230 |
| 650 ## - SUBJECT ADDED ENTRY--TOPICAL TERM | |
| Topical term or geographic name entry element | CONSTRUCTION METHODS |
| 690 ## - LOCAL SUBJECT ADDED ENTRY--TOPICAL TERM (OCLC, RLIN) | |
| Topical term or geographic name as entry element | BUILDING AND CONSTRUCTION-PROJECTS |
| 942 ## - ADDED ENTRY ELEMENTS (KOHA) | |
| Suppress in OPAC | 0 |
| Withdrawn status | Lost status | Source of classification or shelving scheme | Damaged status | Not for loan | Home library | Current library | Shelving location | Date acquired | Total Checkouts | Full call number | Barcode | Date last seen | Copy number | Price effective from | Koha item type |
|---|---|---|---|---|---|---|---|---|---|---|---|---|---|---|---|
| Dewey Decimal Classification | London | London | Journal article | 23/10/2003 | ABS67132 | 123984-1001 | 06/08/2019 | 1 | 06/08/2019 | Journal article |